| Tag |
First Indicator |
Second Indicator |
Subfields |
| LEADER |
00000cam a2200000 a 4500 |
| 001 |
in00000070058 |
| 005 |
20151008061553.0 |
| 008 |
820430s1982 enka 00010 eng |
| 010 |
|
|
|a 82131929
|
| 015 |
|
|
|a GB***
|
| 020 |
|
|
|a 0080275958 (pbk.)
|
| 020 |
|
|
|a 0080276083 (hard)
|
| 035 |
|
|
|a (OCoLC)08192199
|
| 035 |
|
|
|9 AAJ8346AM
|
| 039 |
0 |
|
|a 2
|b 3
|c 3
|d 3
|e 3
|
| 040 |
|
|
|a DLC
|c DLC
|d TXA
|d UtOrBLW
|
| 049 |
|
|
|a TXAM
|c [1805331]
|
| 050 |
0 |
0 |
|a TD899.A8
|b L56 1982
|
| 082 |
0 |
|
|a 621.48/38
|2 19
|
| 100 |
1 |
|
|a Lindblom, Ulf,
|d 1943-
|
| 245 |
1 |
0 |
|a Nuclear waste disposal :
|b can we rely on bedrock? /
|c by Ulf Lindblom and Paul Gnirk.
|
| 250 |
|
|
|a lst ed.
|
| 264 |
|
1 |
|a Oxford ;
|a New York :
|b Pergamon Press,
|c 1982.
|
| 300 |
|
|
|a vii, 60 pages :
|b illustrations (some color) ;
|c 20 cm.
|
| 336 |
|
|
|a text
|b txt
|2 rdacontent
|
| 337 |
|
|
|a unmediated
|b n
|2 rdamedia
|
| 338 |
|
|
|a volume
|b nc
|2 rdacarrier
|
| 650 |
|
0 |
|a Nuclear power plants
|x Waste disposal.
|
| 650 |
|
0 |
|a Spent reactor fuels
|x Storage.
|
| 650 |
|
0 |
|a Groundwater flow.
|
| 700 |
1 |
|
|a Gnirk, Paul.
|
| 999 |
|
|
|a MARS
|
| 999 |
f |
f |
|s 2c85dd92-75bd-31a0-b98f-3eafc8692fa9
|i a9e2e451-f425-30d5-9335-3fc77c102777
|t 0
|
| 952 |
f |
f |
|p ric
|a Texas A&M University
|b Rellis Campus
|c Joint Library Facility
|d Remote Storage
|t 0
|e TD899.A8 L56 1982
|h Library of Congress classification
|i unmediated -- volume
|m A14806246091
|
| 998 |
f |
f |
|a TD899.A8 L56 1982
|t 0
|l Remote Storage
|